000 00704cam a22002057a 4500
001 000001192
005 20260420170825.0
008 800124s1969 sp b 000 0 spa
040 _aDO-SdBNP
_bspa
_cBNPHU
082 _a340.1
_bH557f
100 1 _aHernández Gil, Antonio.
_94069
245 1 3 _aLa función social de la posesión :
_b(ensayo de teorización sociológico-jurídica).
260 _aMadrid :
_bAlianza,
_c1969.
300 _a220 p. ;
_c18 cm.
490 1 _aEl Libro de Bolsillo
504 _aIncluye referencias bibliográficas y notas al pie de las páginas
650 4 _aDerecho de propiedad
_94070
650 0 _aJurisprudencia sociológica
_94071
830 0 _aEl Libro de Bolsillo
_94072
999 _c1143
_d1143